La sociedad civil y la gobernabilidad de las migraciones en la agenda política sudamericana: el refugio en los derechos humanos = Civil society and the Governability of migrations on the South American political agenda: the refuge in human rights /
Se analiza el "decir" de las principales organizaciones de la sociedad civil que intervienen en la discusión política sobre migraciones en la región sudamericana. A través de una estrategia metodológica cualitativa, sustentada fundamentalmente en el análisis documental, se examina el modo...
Guardado en:
| Hovedforfatter: | |
|---|---|
| Format: | Texto |
| Fag: | |
| Tags: |
Tilføj Tag
Ingen Tags, Vær først til at tagge denne postø!
|
MARC
| LEADER | 00000 a a2200000 04500 | ||
|---|---|---|---|
| 001 | 42168 | ||
| 003 | |||
| 040 | |||
| 100 | |a Magliano, María José | ||
| 245 | |a La sociedad civil y la gobernabilidad de las migraciones en la agenda política sudamericana: el refugio en los derechos humanos = |b Civil society and the Governability of migrations on the South American political agenda: the refuge in human rights / |c María José Magliano | ||
| 500 | |a majomagliano@gmail.com | ||
| 520 | |a Se analiza el "decir" de las principales organizaciones de la sociedad civil que intervienen en la discusión política sobre migraciones en la región sudamericana. A través de una estrategia metodológica cualitativa, sustentada fundamentalmente en el análisis documental, se examina el modo en que estas organizaciones cuestionan los sentidos y la definición de la agenda política sobre migraciones y en qué medida se convierten en una alternativa frente al discurso hegemónico. Para esto, se identifican las rupturas y continuidades que se establecen entre los posicionamientos de las organizaciones de la sociedad civil y de la agenda política promovida por determinadas agencias internacionales y actores políticos regionales. | ||
| 590 | |a EFU/NOVIEMBRE2011 | ||
| 650 | |a 1.MIGRACION | ||
| 650 | |a 2.SOCIEDAD CIVIL | ||
| 650 | |a 3.DERECHOS HUMANOS | ||
| 650 | |a 4.AMERICA LATINA | ||
| 650 | |a 5.GOBERNABILIDAD | ||
| 650 | |a 6.ANALISIS DE DISCURSO | ||
| 773 | |g volumen20, número1 ( , 2011), páginas 5-23 | ||
| 999 | |c 31653 |d 31653 | ||
